| 000 | 00782cam a22002177a 4500 | ||
|---|---|---|---|
| 020 | _a9783642176999 | ||
| 020 | _a3642176992 | ||
| 040 | _cBTCTA | ||
| 082 | 0 | 0 | _a363 SPR 2011 A078 Or. |
| 245 | 0 | 0 |
_aClimate change and policy : _bthe calculability of climate change and the challenge of uncertainty / |
| 260 |
_aNew York : _bSpringer, _c2011. |
||
| 300 |
_aviii, 241 p. : _bcol. ill. ; _c24 cm. |
||
| 650 | 0 | _aClimatic changes. | |
| 650 | 0 | _aMeteorology. | |
| 700 | 1 | _aGramelsberger, Gabriele. | |
| 700 | 1 | _aFeichter, Johann. | |
| 856 | 4 | 2 | _uhttp://www.loc.gov/catdir/enhancements/fy1316/2011923339-b.html |
| 856 | 4 | 2 | _uhttp://www.loc.gov/catdir/enhancements/fy1316/2011923339-d.html |
| 856 | 4 | 1 | _uhttp://www.loc.gov/catdir/enhancements/fy1316/2011923339-t.html |
| 942 | _cEK | ||
| 999 |
_c15470 _d15470 |
||